| 000 | 02149cam a2200349 a 4500 | ||
|---|---|---|---|
| 001 | 15492131 | ||
| 003 | OSt | ||
| 005 | 20170105113113.0 | ||
| 008 | 081021s2008 nyuaf 001 0 eng d | ||
| 010 | _a 2008300247 | ||
| 020 | _a9781402758898 | ||
| 020 | _a1402758898 | ||
| 035 | _a(OCoLC)ocn232955846 | ||
| 035 |
_a(OCoLC)232955846 _z(OCoLC)179789057 |
||
| 040 |
_aPLF _cPLF _dYDXCP _dCDX _dBUR _dBTCTA _dBAKER _dVP@ _dDLC |
||
| 042 | _alccopycat | ||
| 050 | 0 | 0 |
_aML410.S937 _bA3 2008 |
| 100 | 1 | _aStrouse, Charles. | |
| 245 | 1 | 0 |
_aPut on a happy face : _ba Broadway memoir / _cCharles Strouse. |
| 260 |
_aNew York : _bUnion Square Press, _cc2008. |
||
| 300 |
_a326 p., [16] p. of plates : _bill. ; _c22 cm. |
||
| 500 | _aIncludes index. | ||
| 520 | _aStrouse composed some of the most successful shows in Broadway history (Annie, Bye Bye Birdie, Applause, and Golden Boy); wrote the film score for Bonnie and Clyde as well as the theme song for All in the Family; has been sampled by one of today's biggest rap stars (Jay-Z, in the Grammy-winning Hard Knock Life); and his songs have been sung by musical greats from Frank Sinatra to Ray Charles to Barbra Streisand. Timed to coincide with public celebrations of his 80th birthday, this memoir grants an insider's glimpse of Broadway, Hollywood, and beyond. Strouse relates the behind-the-curtain stories of his remarkable achievements, and tells about the people he's worked with along the way, including Butterfly McQueen, Gower Champion, Sammy Davis Jr., Lauren Bacall, Mel Brooks, Clifford Odets, Warren Beatty, Hal Prince and Carol Burnett.--From publisher description. | ||
| 600 | 1 | 0 | _aStrouse, Charles. |
| 650 | 0 |
_aComposers _zUnited States _vBiography. |
|
| 856 | 4 | 2 |
_3Contributor biographical information _uhttp://www.loc.gov/catdir/enhancements/fy0902/2008300247-b.html |
| 856 | 4 | 2 |
_3Publisher description _uhttp://www.loc.gov/catdir/enhancements/fy0902/2008300247-d.html |
| 906 |
_a7 _bcbc _ccopycat _d3 _encip _f20 _gy-gencatlg |
||
| 942 |
_2ddc _cBK |
||
| 999 |
_c33626 _d33626 |
||